|
|
|
|
| LEADER |
00000nab a2200000 a 4500 |
| 001 |
vtls000170210 |
| 003 |
SK-MaSNL |
| 005 |
20260319074749.0 |
| 008 |
111031c1982 xo 0 eng |
| 015 |
|
|
|a SNBRA19rr/mm-uuuuu
|
| 035 |
|
|
|a CL0180321
|
| 040 |
|
|
|a SNKBUCL
|b slo
|c SNKBUCL
|e AACR2
|
| 041 |
0 |
|
|a eng
|
| 044 |
|
|
|a xo
|c SK
|
| 080 |
|
|
|a 636.22/.28.034:636.083.3
|2 1981
|
| 080 |
|
|
|a 636.083.3
|2 1981
|
| 100 |
1 |
|
|a Ryšánek, Dušan,
|d 1936-
|4 aut
|9 124752
|
| 245 |
1 |
0 |
|a Analysis of the causes of culling of dairy cows from specialized large-capacity farms and its practical implications
|c D. Ryšánek, P. Olejník
|
| 300 |
|
|
|b Tb. 1. Diagr. 2.
|
| 650 |
0 |
7 |
|a mliečny dobytok
|2 snkbucl
|9 67365
|
| 655 |
|
7 |
|a články zo zborníkov
|2 snkbucl
|9 166140
|
| 700 |
1 |
|
|a Olejník, P.
|4 aut
|9 928691
|
| 773 |
0 |
|
|t Fourth international congress of animal hygiene
|d Bratislava : ÚVO, 1982
|g S. 67-71
|
| 850 |
|
|
|a Slovenská národná knižnica v Martine
|a MTA001
|
| 852 |
|
|
|a SNK
|b KIS3GCP
|
| 958 |
|
|
|a RK
|
| 992 |
|
|
|a RZB
|
| 999 |
|
|
|c 1492557
|d 1494487
|